00600nam a2200181 i 4500001000700000003000900007005001700016007000300033008004100036080002100077100004300098245005000141260003400191300003000225852002200255999001900277952012200296143316ES-MaACL20231228205941.0t|070214s1967 sp a r ||||1| spa d a821.134.2-31"19"1 aSender, Ramón J.,d1901-1982910544110aJubileo en el zócalo / cRamón J. Sender. aBarcelona : bAymá, c1967. a243 p. : bil. ; c20 cm. aES-MaACLjC-31882 c143316d143316 00104070aATENEOMbATENEOMcDEPO2d2008-01-17eSCl0oC-31882p1149111r2023-02-23 00:00:00w2023-02-23yMONOGRAFIA